• 首页
  • 本馆介绍
  • 公告通知
  • 最新文献
  • 馆藏检索
  • 电子资源
  • 读者导购
  • 参考咨询
  • 我的图书馆
  • 登录
  • 详细信息显示
  • 放入我的书架
  • 预约/预借图书
  • 作者相关作品
  • 分类相关作品
  • 丛书相关作品
  • 出版社相关作品

书目信息

  • 表格格式
  • 工作单格式
  • 卡片格式
题名:
英国
    
 
作者: ;上海国际问题研究所 编写
分册:  
出版信息: 上海   上海辞书出版社  1982.11
页数: 306页
开本: 19cm
丛书名: 各国手册丛书
单 册:
中图分类: D756.1
科图分类:
主题词: 政治--英国
电子资源:
ISBN:
000 00769nam0 2200229 45
001 0404281551
005 20060819091002.39
010    @dCNY0.83
091    @a17187.90
100    @a20040428d1982 km y0chiy0120 ea
101 0  @achi
200 1  @a英国@AYing Guo@e大不列颠及北爱尔兰共和国@EDa Bu Lie Dian Ji Bei Ai Er Lan Gong He Guo@f上海国际问题研究所编写@FShang Hai Guo Ji Wen Ti Yan Jiu Suo Bian Xie
210    @a上海@c上海辞书出版社@d1982.11
215    @a306页@d19cm
225    @a各国手册丛书
410    @12001 @a各国手册丛书
517    @a大不列颠及北爱尔兰共和国@ADa Bu Lie Dian Ji Bei Ai Er Lan Gong He Guo
606 0  @a政治@y英国
690    @aD756.1@v3
711 02 @a上海国际问题研究所@4编写
801    @aCN@bPftUser@c20060819
905    @dD756.1@e131@f1@b213477
    
    英国:大不列颠及北爱尔兰共和国/上海国际问题研究所编写.-上海:上海辞书出版社,1982.11
    306页;19cm.-(各国手册丛书)
    
    
    ISBN :CNY0.83
    
●
相关链接 在E读中查询图书 在五车中查询图书 在当当中查询图书 在豆瓣中查询图书


正题名:英国     索取号:D756.1/131         预约/预借

序号 登录号 条形码 馆藏地/架位号 状态 备注
1 0213476   001012754   第一借阅区/ [索取号:D756.1/131] 在馆    
2 0465231   204652312   密集书库/ [索取号:D756.1/131] 在馆    
3 0469403   204694036   密集书库/ [索取号:D756.1/131] 在馆    
唐山师范学院图书馆 欢迎您!
大连网信软件有限公司© 版权所有